000 00658nam a2200241Ia 4500
003 OSt
005 20220928104342.0
006 a|||||r|||| 00| 0
007 ta
008 220927b |||||||| |||| 00| 0 eng d
024 _a11295
037 _cTextual
040 _aSDCL
_cSDCL
_beng
041 _2eng
_aeng
082 _aMY6.4445'P, P5
100 _aDinerstein Eric
_9410080
245 0 _aTiger land and other unintended destinations
260 _aHyderabad
_bUniversities Press
_c2005
300 _a279p
_ccm.
650 _aHunting
_9410081
942 _hMY6.4445'P, P5
_cTEXL
_2CC
999 _c725661
_d725661